| 000 | 00849cab a2200253 4500 | ||
|---|---|---|---|
| 001 | ABS58845 | ||
| 008 | 090401t1998 xxu||||| |||| 00| 0 eng d | ||
| 035 | _a(Sirsi) u87192 | ||
| 041 | _aeng | ||
| 245 | _aForesite | ||
| 260 | _c1998 | ||
| 350 | _a0 | ||
| 490 |
_aBuilding _v263(8044) 19 June 1998, 72-75(4) |
||
| 520 | _aComments on the movements in procurement lead times of trade packages as published in the digest Foresite. Provides an analysis of the structural steel industry, including lead times, order levels and workloads, tender prices and, enquiry levels. | ||
| 650 | _aLEAD TIMES | ||
| 650 | _aMOVEMENT | ||
| 650 | _aORDER LEVELS | ||
| 650 | _aProcurement-old | ||
| 650 | _aSTRUCTURAL STEEL INDUSTRY | ||
| 650 | _aTENDER PRICES | ||
| 690 | _aBUILDING AND CONSTRUCTION-ECONOMICS | ||
| 942 | _n0 | ||
| 948 | _c03/07/1998 | ||
| 999 |
_c54975 _d54975 |
||